000 00275nam a2200121Ia 4500
005 20251222141811.0
008 251222s9999||||xx |||||||||||||| ||spa||
082 _a810/W21/T.IV
100 _aWiener, Harvey S.
245 0 _aAmerican Literature
264 _bOhio
942 _cLIB
999 _c6475
_d6475